It looks like you're offline.
Open Library logo
additional options menu

MARC record from Internet Archive

LEADER: 00880cam 2200217Ia 4500
008 820106s1780 enkf 00110 engm
010 $a 12028938
035 $a(OCoLC)8043673
040 $aDLC$cCDS$dNRC
050 0 $aSF525$b.K45
100 1 $aKeys, John.
245 14 $aThe practical bee-master:$bin which will be shewn how to manage bees either in straw hives or in boxes with more ease, safety, and pofit, than by any method hitherto made public; interspersed with occasional strictures on Mr. Thomas Wildman's treatise on bees; with several new discoveries and improvements$cby John Keys.
260 $aLondon,$bPrinted for the author [$c1780]
300 $axii, 390 p.$bfold. plate.$c22 cm.
596 $a10
650 0 $aBees.
948 $a06/15/1993$b03/23/1995
999 $a033301
919 $aABU-2058
918 $a568650
926 $aSPECCOLL$bSTACKS$cSF525 .K46$dBOOKNOCIRC$f1